<?xml version="1.0" encoding="UTF-8"?><marc:collection xmlns:marc="http://www.loc.gov/MARC21/slim">
  <marc:record>
    <marc:leader>01700cam a22004572c 4500</marc:leader>
    <marc:controlfield tag="001">114598754</marc:controlfield>
    <marc:controlfield tag="003">DE-627</marc:controlfield>
    <marc:controlfield tag="005">20251222200250.0</marc:controlfield>
    <marc:controlfield tag="007">tu</marc:controlfield>
    <marc:controlfield tag="008">921125s1991    xxu|||||      00| ||eng c</marc:controlfield>
    <marc:datafield tag="035" ind1=" " ind2=" ">
      <marc:subfield code="a">(DE-627)114598754</marc:subfield>
    </marc:datafield>
    <marc:datafield tag="035" ind1=" " ind2=" ">
      <marc:subfield code="a">(DE-599)GBV114598754</marc:subfield>
    </marc:datafield>
    <marc:datafield tag="035" ind1=" " ind2=" ">
      <marc:subfield code="a">(OCoLC)831332635</marc:subfield>
    </marc:datafield>
    <marc:datafield tag="040" ind1=" " ind2=" ">
      <marc:subfield code="a">DE-627</marc:subfield>
      <marc:subfield code="b">ger</marc:subfield>
      <marc:subfield code="c">DE-627</marc:subfield>
      <marc:subfield code="e">rakwb</marc:subfield>
    </marc:datafield>
    <marc:datafield tag="041" ind1=" " ind2=" ">
      <marc:subfield code="a">eng</marc:subfield>
    </marc:datafield>
    <marc:datafield tag="044" ind1=" " ind2=" ">
      <marc:subfield code="c">XD-US</marc:subfield>
    </marc:datafield>
    <marc:datafield tag="050" ind1=" " ind2="0">
      <marc:subfield code="a">TN23</marc:subfield>
    </marc:datafield>
    <marc:datafield tag="050" ind1=" " ind2="0">
      <marc:subfield code="a">TN780</marc:subfield>
    </marc:datafield>
    <marc:datafield tag="082" ind1="0" ind2=" ">
      <marc:subfield code="a">622</marc:subfield>
      <marc:subfield code="q">OCLC</marc:subfield>
    </marc:datafield>
    <marc:datafield tag="082" ind1="0" ind2=" ">
      <marc:subfield code="a">622 s</marc:subfield>
    </marc:datafield>
    <marc:datafield tag="082" ind1="0" ind2=" ">
      <marc:subfield code="a">669/.3</marc:subfield>
    </marc:datafield>
    <marc:datafield tag="100" ind1="1" ind2=" ">
      <marc:subfield code="a">Rice, David Arthur</marc:subfield>
      <marc:subfield code="4">aut</marc:subfield>
    </marc:datafield>
    <marc:datafield tag="245" ind1="1" ind2="0">
      <marc:subfield code="a">Effects of turbomilling parameters on the simultaneous grinding and ferric sulfate leaching of chalcopyrite</marc:subfield>
      <marc:subfield code="c">by D. A. Rice, J. R. Cobble, and D. R. Brooks</marc:subfield>
    </marc:datafield>
    <marc:datafield tag="264" ind1=" " ind2="1">
      <marc:subfield code="a">Washington, DC</marc:subfield>
      <marc:subfield code="b">U.S. Dept. of the Interior, Bureau of Mines</marc:subfield>
      <marc:subfield code="c">1991</marc:subfield>
    </marc:datafield>
    <marc:datafield tag="300" ind1=" " ind2=" ">
      <marc:subfield code="a">9 p</marc:subfield>
      <marc:subfield code="b">ill</marc:subfield>
      <marc:subfield code="c">28 cm</marc:subfield>
    </marc:datafield>
    <marc:datafield tag="336" ind1=" " ind2=" ">
      <marc:subfield code="a">Text</marc:subfield>
      <marc:subfield code="b">txt</marc:subfield>
      <marc:subfield code="2">rdacontent</marc:subfield>
    </marc:datafield>
    <marc:datafield tag="337" ind1=" " ind2=" ">
      <marc:subfield code="a">ohne Hilfsmittel zu benutzen</marc:subfield>
      <marc:subfield code="b">n</marc:subfield>
      <marc:subfield code="2">rdamedia</marc:subfield>
    </marc:datafield>
    <marc:datafield tag="338" ind1=" " ind2=" ">
      <marc:subfield code="a">Band</marc:subfield>
      <marc:subfield code="b">nc</marc:subfield>
      <marc:subfield code="2">rdacarrier</marc:subfield>
    </marc:datafield>
    <marc:datafield tag="490" ind1="1" ind2=" ">
      <marc:subfield code="a">Report of investigations</marc:subfield>
      <marc:subfield code="v">9351</marc:subfield>
    </marc:datafield>
    <marc:datafield tag="500" ind1=" " ind2=" ">
      <marc:subfield code="a">Includes bibliographical references (p. 9)</marc:subfield>
    </marc:datafield>
    <marc:datafield tag="583" ind1="1" ind2=" ">
      <marc:subfield code="a">Archivierung prüfen</marc:subfield>
      <marc:subfield code="c">20240324</marc:subfield>
      <marc:subfield code="f">DE-4165</marc:subfield>
      <marc:subfield code="z">1</marc:subfield>
      <marc:subfield code="2">pdager</marc:subfield>
    </marc:datafield>
    <marc:datafield tag="583" ind1="1" ind2=" ">
      <marc:subfield code="a">Archivierung/Langzeitarchivierung gewährleistet</marc:subfield>
      <marc:subfield code="c">20240722</marc:subfield>
      <marc:subfield code="f">NI-LastCopies</marc:subfield>
      <marc:subfield code="x">XA-DE-NI</marc:subfield>
      <marc:subfield code="z">Potenzieller Alleinbesitz Niedersachsen</marc:subfield>
      <marc:subfield code="2">pdager</marc:subfield>
      <marc:subfield code="5">DE-89</marc:subfield>
    </marc:datafield>
    <marc:datafield tag="653" ind1=" " ind2="0">
      <marc:subfield code="a">Chalcopyrite</marc:subfield>
      <marc:subfield code="a">Metallurgy</marc:subfield>
    </marc:datafield>
    <marc:datafield tag="653" ind1=" " ind2="0">
      <marc:subfield code="a">Ore-dressing</marc:subfield>
    </marc:datafield>
    <marc:datafield tag="653" ind1=" " ind2="0">
      <marc:subfield code="a">Leaching</marc:subfield>
    </marc:datafield>
    <marc:datafield tag="653" ind1=" " ind2="0">
      <marc:subfield code="a">Size reduction of materials</marc:subfield>
    </marc:datafield>
    <marc:datafield tag="700" ind1="1" ind2=" ">
      <marc:subfield code="a">Cobble, J. R.</marc:subfield>
      <marc:subfield code="4">aut</marc:subfield>
    </marc:datafield>
    <marc:datafield tag="700" ind1="1" ind2=" ">
      <marc:subfield code="a">Brooks, Donald R.</marc:subfield>
      <marc:subfield code="4">aut</marc:subfield>
    </marc:datafield>
    <marc:datafield tag="810" ind1="2" ind2=" ">
      <marc:subfield code="a">USA</marc:subfield>
      <marc:subfield code="b">Bureau of Mines</marc:subfield>
      <marc:subfield code="t">Report of investigations</marc:subfield>
      <marc:subfield code="v">9351</marc:subfield>
      <marc:subfield code="9">935100</marc:subfield>
      <marc:subfield code="w">(DE-627)129585491</marc:subfield>
      <marc:subfield code="w">(DE-576)040085228</marc:subfield>
      <marc:subfield code="w">(DE-600)235692-2</marc:subfield>
      <marc:subfield code="x">0096-1922</marc:subfield>
      <marc:subfield code="7">am</marc:subfield>
    </marc:datafield>
    <marc:datafield tag="924" ind1="0" ind2=" ">
      <marc:subfield code="a">686405781</marc:subfield>
      <marc:subfield code="b">DE-89</marc:subfield>
      <marc:subfield code="9">89</marc:subfield>
      <marc:subfield code="c">GBV</marc:subfield>
      <marc:subfield code="d">c</marc:subfield>
      <marc:subfield code="g">Z 2250(9351)</marc:subfield>
      <marc:subfield code="h">Haus2</marc:subfield>
    </marc:datafield>
    <marc:datafield tag="951" ind1=" " ind2=" ">
      <marc:subfield code="a">BO</marc:subfield>
    </marc:datafield>
  </marc:record>
</marc:collection>
